[Event "Kishinev Victoriei Cup"]
[White "Greabca, Irina"]
[Black "Greabca, Vasile"]
[Site "Kishinev"]
[Round "2"]
[Result "1/2-1/2"]
[Date "2007.05.07"]
[WhiteElo "2086"]
[BlackElo "2301"]
[PlyCount "52"]
[EventDate "2007.04.30"]
[EventType "tourn"]
[EventRounds "14"]
[EventCountry "MDA"]
[SourceTitle "EXT 2022"]
[Source "ChessBase"]
[SourceDate "2021.10.06"]
[SourceVersion "1"]
[SourceVersionDate "2021.10.06"]
[SourceQuality "1"]

1. e4 e5 2. Nf3 Nc6 3. Bb5 a6 4. Bxc6 dxc6 5. 0-0 f6 6. d4 exd4 7. Nxd4 c5 8. Ne2 Qxd1 9. Rxd1 Bd7 10. Nbc3 0-0-0 11. Be3 Re8 12. Rd2 Bc6 13. Rad1 Bd6 14. Bf4 Bxf4 15. Nxf4 Nh6 16. Nh5 Rhg8 17. Ng3 b6 18. f3 Rgf8 19. Kf2 a5 20. Ke2 f5 21. h3 fxe4 22. Ngxe4 Nf5 23. Kf2 Bxe4 24. Nxe4 Rd8 25. Rxd8+ Rxd8 26. Rxd8+ Kxd8 1/2-1/2

[Event "Kishinev Victoriei Cup"]
[White "Panush, Viktor"]
[Black "Greabca, Vasile"]
[Site "Kishinev"]
[Round "2"]
[Result "1/2-1/2"]
[Date "2007.05.07"]
[WhiteElo "2226"]
[BlackElo "2301"]
[PlyCount "42"]
[EventDate "2007.04.30"]
[EventType "tourn"]
[EventRounds "14"]
[EventCountry "MDA"]
[SourceTitle "EXT 2022"]
[Source "ChessBase"]
[SourceDate "2021.10.06"]
[SourceVersion "1"]
[SourceVersionDate "2021.10.06"]
[SourceQuality "1"]

1. e4 c6 2. d4 d5 3. Nc3 dxe4 4. Nxe4 Bf5 5. Ng3 Bg6 6. Nf3 Nd7 7. h4 h6 8. h5 Bh7 9. Bd3 Bxd3 10. Qxd3 Qc7 11. Bd2 e6 12. 0-0-0 Ngf6 13. Ne4 0-0-0 14. g3 Nxe4 15. Qxe4 Bd6 16. c4 c5 17. d5 exd5 18. cxd5 Ne5 19. Bc3 Rhe8 20. Nxe5 Bxe5 21. d6 Bxc3 1/2-1/2

[Event "Kishinev Primavara"]
[White "Dolgov, Igor Mikhailovich"]
[Black "Greabca, Vasile"]
[Site "Kishinev"]
[Round "2"]
[Result "1-0"]
[Date "2007.04.06"]
[WhiteElo "2506"]
[BlackElo "2326"]
[PlyCount "45"]
[EventDate "2007.03.30"]
[EventType "tourn"]
[EventRounds "14"]
[EventCountry "MDA"]
[SourceTitle "EXT 2022"]
[Source "ChessBase"]
[SourceDate "2021.10.06"]
[SourceVersion "1"]
[SourceVersionDate "2021.10.06"]
[SourceQuality "1"]

1. c4 d6 2. Nc3 Nf6 3. e4 g6 4. d3 Bg7 5. Nf3 0-0 6. Be3 e5 7. Be2 a5 8. Qd2 Na6 9. Bh6 Re8 10. Bxg7 Kxg7 11. Nd5 Nxd5 12. cxd5 c5 13. h4 Bg4 14. Ng1 Bxe2 15. Nxe2 b5 16. h5 Qf6 17. hxg6 hxg6 18. Qh6+ Kg8 19. Ng3 c4 20. Nf5 cxd3 21. Qh7+ Kf8 22. Qh8+ Qxh8 23. Rxh8# 1-0

[Event "Kishinev Primavara"]
[White "Greabca, Vasile"]
[Black "Panush, Viktor"]
[Site "Kishinev"]
[Round "2"]
[Result "1-0"]
[Date "2007.04.06"]
[WhiteElo "2326"]
[BlackElo "2215"]
[PlyCount "73"]
[EventDate "2007.03.30"]
[EventType "tourn"]
[EventRounds "14"]
[EventCountry "MDA"]
[SourceTitle "EXT 2022"]
[Source "ChessBase"]
[SourceDate "2021.10.06"]
[SourceVersion "1"]
[SourceVersionDate "2021.10.06"]
[SourceQuality "1"]

1. e4 e6 2. d4 d5 3. Nc3 Bb4 4. e5 c5 5. a3 Bxc3+ 6. bxc3 Ne7 7. Nf3 b6 8. a4 Ba6 9. Bb5+ Bxb5 10. axb5 a5 11. 0-0 Nd7 12. Ba3 Rc8 13. Qd2 0-0 14. Rae1 f6 15. exf6 Rxf6 16. Ng5 Nf8 17. dxc5 bxc5 18. c4 h6 19. Nf3 Nfg6 20. cxd5 Rxf3 21. gxf3 Nxd5 22. Re4 Qf6 23. Rg4 Ne5 24. Qe2 Nc3 25. Qe3 Nxb5 26. Rf4 Qg5+ 27. Kh1 Nxa3 28. Rg1 Nxc2 29. Qe4 Qe7 30. Qxe5 Kh8 31. Rg6 Nd4 32. Rxh6+ Kg8 33. Rg6 a4 34. Rfg4 Nf5 35. Rxe6 Qf7 36. Rf6 Re8 37. Qxf5 1-0

[Event "Kishinev Primavara"]
[White "Panush, Viktor"]
[Black "Greabca, Vasile"]
[Site "Kishinev"]
[Round "1"]
[Result "1-0"]
[Date "2007.04.02"]
[WhiteElo "2215"]
[BlackElo "2326"]
[PlyCount "67"]
[EventDate "2007.03.30"]
[EventType "tourn"]
[EventRounds "14"]
[EventCountry "MDA"]
[SourceTitle "EXT 2022"]
[Source "ChessBase"]
[SourceDate "2021.10.06"]
[SourceVersion "1"]
[SourceVersionDate "2021.10.06"]
[SourceQuality "1"]

1. e4 c5 2. Nf3 d6 3. d4 cxd4 4. Nxd4 Nf6 5. Nc3 g6 6. Be3 Bg7 7. Be2 Nc6 8. Qd2 0-0 9. f4 Ng4 10. Bxg4 Bxg4 11. 0-0 Bd7 12. Rad1 Rc8 13. Nd5 f5 14. exf5 gxf5 15. Rf3 e6 16. Nc3 Na5 17. b3 b6 18. Rg3 Kh8 19. Ndb5 Bf6 20. Bf2 d5 21. Bd4 Nc6 22. Bxf6+ Qxf6 23. Ne2 Be8 24. Rg5 h6 25. Rg3 Bh5 26. Re1 Bxe2 27. Qxe2 a6 28. Qxe6 axb5 29. Rg8+ Kh7 30. Qxf6 Rxf6 31. Rxc8 Nd4 32. Re7+ Kg6 33. Rg8+ Kh5 34. Re3 1-0